Interactions. t.II, reading /

Đã lưu trong:
Sonraí Bibleagrafaíochta
Príomhúdar: Kirn, Elaine.
Údair Eile: Hartmann, Pamela.
Formáid: Sách giấy
Foilsithe: New York : McGraw-Hill/Contemporary, c2002.
Eagrán:4th ed.
Ábhair:
Clibeanna: Cuir Clib Leis
Gan Chlibeanna, Bí ar an gcéad duine leis an taifead seo a chlibeáil!
Thư viện lưu trữ: Thư viện Trường Đại học Đà Lạt
LEADER 01126nam a2200409 4500
001 DLU110120726
005 ##20110506
008 ##010906s2002 nyua 000 0 eng
010 # # |a  2001276400 
020 # # |a 0071180168 (ISE) 
020 # # |a 0072331054 
040 # # |a DLC  |c DLC  |d DLC 
082 # # |a 428.6  |b KI-E 
100 # # |a Kirn, Elaine. 
245 # # |a Interactions.  |n t.II,  |p reading /  |c Elaine Kirn, Pamela Hartmann. 
246 # # |a Interactions two 
250 # # |a 4th ed. 
260 # # |a New York :  |b McGraw-Hill/Contemporary,  |c c2002. 
300 # # |a xiii, 278 p. :  |b ill. ;  |c 26 cm. 
500 # # |a Rev. ed. of: Interactions two : a reading skills book. 
650 # # |a College readers. 
650 # # |a English language  |x Textbooks for foreign speakers. 
700 # # |a Hartmann, Pamela. 
700 # # |a Kirn, Elaine.  |t Interactions two. 
923 # # |a 01/2011NN 
990 # # |a t.II 
991 # # |a GT 
992 # # |a 100000 
993 # # |a 2002 
994 # # |a KNN 
900 # # |a True 
911 # # |a Nguyễn Thanh Hương 
925 # # |a G 
926 # # |a A 
927 # # |a SH 
980 # # |a Thư viện Trường Đại học Đà Lạt